• 首页
  • 本馆介绍
  • 公告通知
  • 最新文献
  • 馆藏检索
  • 电子资源
  • 读者导购
  • 参考咨询
  • 我的图书馆
  • 登录
  • 详细信息显示
  • 放入我的书架
  • 预约/预借图书
  • 作者相关作品
  • 分类相关作品
  • 丛书相关作品
  • 出版社相关作品

书目信息

  • 表格格式
  • 工作单格式
  • 卡片格式
题名:
芦荟家庭栽培及鲜叶的使用方法
    
 
作者: 姚利
分册:  
出版信息:   农业科技文献出版社  2000.07
页数: 183页
开本: 大32开
丛书名:
单 册:
中图分类: S567.23
科图分类:
主题词: 经济作物
电子资源:
ISBN: 7-80119-996-0
000 00516nam0 2200181 45
001 0308271017
005 20070616082020.07
010    @a7-80119-996-0@d18.00元
100    @a20030827d2000 km y0chiy0120 ea
101    @achi
200 1  @a芦荟家庭栽培及鲜叶的使用方法@Alu hui jia ting zai pei ji xian ye de shi yong fang fa@f姚利@Fyao li
210    @c农业科技文献出版社@d2000.07
215    @a183页@d大32开
606 0  @a经济作物
690    @aS567.23@v4
701  0 @a姚利
801    @aCN@c20070616
905    @aBZT@dS567.23@e181
    
    芦荟家庭栽培及鲜叶的使用方法/姚利.-农业科技文献出版社,2000.07
    183页;大32开
    
    
    ISBN 7-80119-996-0:18.00元
    
●
相关链接 在五车中查询图书 在当当中查询图书 在豆瓣中查询图书


正题名:芦荟家庭栽培及鲜叶的使用方法     索取号:S567.23/181         预约/预借

序号 登录号 条形码 馆藏地/架位号 状态 备注
1 560544   230127221   中心书库中库/ 中库033架A面8列2层104/ [索取号:S567.23/181] 在馆    
2 560545   230127220   中心书库中库/ 中库033架A面8列2层103/ [索取号:S567.23/181] 在馆    
3 560546   230127219   中心书库中库/ 中库033架A面8列2层105/ [索取号:S567.23/181] 在馆    
4 560547   230127218   中心书库中库/ 中库033架A面8列2层102/ [索取号:S567.23/181] 在馆    
5 560548   230127217   中心书库中库/ 中库033架A面8列2层111/ [索取号:S567.23/181] 在馆    
6 560549   230127216   中心书库中库/ 中库033架A面8列2层109/ [索取号:S567.23/181] 在馆    
7 560550   230127215   中心书库中库/ 中库033架A面8列2层110/ [索取号:S567.23/181] 在馆    
8 560551   230127214   中心书库中库/ 中库033架A面8列2层108/ [索取号:S567.23/181] 在馆    
9 560552   230127213   中心书库中库/ 中库033架A面8列2层107/ [索取号:S567.23/181] 在馆    
10 560553   230127212   中心书库中库/ 中库033架A面8列2层106/ [索取号:S567.23/181] 在馆    
山东省滨州职业学院图书馆 欢迎您!
大连网信软件有限公司© 版权所有